| 000 | 00824nam a2200229Ii 4500 | ||
|---|---|---|---|
| 003 | JO-AjNU | ||
| 008 | 230605s9999||||xx |||||||||||||| ||und|| | ||
| 017 | _a2021/4/2180 | ||
| 020 | _a978-9923-25-364-9 | ||
| 040 |
_aJO-AjNU _bara _erda _cJO-AjNU |
||
| 041 | _aara | ||
| 050 | 1 | 4 | _aHV6626.K376.2022 |
| 100 | 3 |
_aكرادشه، منير, _eauthor _963157 |
|
| 245 | 0 | 0 | _aالعنف الاسري: سوسيولوجية الرجل العنيف والمرأة المعنفة |
| 250 | _aط1 | ||
| 264 | 3 | 1 | _aعمان: دار امجد للنشر والتوزيع، 2021 |
| 300 | _a218ص | ||
| 336 |
_atext _btxt _2rdacontent |
||
| 337 |
_aunmediated _bn _2rdamedia |
||
| 338 |
_avolume _bnc _2rdacarrier |
||
| 650 | 4 |
_aالعنف الاسري-العلاقات داخل الاسرة-المشاكل الاجتماعية _963158 |
|
| 999 |
_aA28633 _c32201 _d32201 |
||